Award Winning Literature Match-Up Quiz Stats

Quiz Updated Oct 13, 2015

Challenge
Share
Tweet
Score 0/28 Timer 06:00
0 Plays Today
% Correct
To Kill
99.2%
The Grapes
97.8%
Gone with
97.5%
The Color
96.8%
The Old Man
96.4%
All the
95.4%
The Age
94.7%
A Confederacy
76.8%
Lonesome
74.3%
A Visit From
70.9%
One of
69.7%
The Bridge of
69.2%
Dragon's
68.2%
The Good
63%
% Correct
The Shipping
61.1%
The Magnificent
59.9%
A Bell
59.8%
Alice
54.8%
Empire
52.5%
Early
51.2%
American
47.5%
Rabbit
47.3%
Years of
47.1%
So
45.5%
Lamb in
44.2%
Laughing
33.8%
The Orphan
31.2%
His
25%

You're not logged in!

Compare scores with friends on all Sporcle quizzes.
Sign Up with Email
OR
Log In

You Might Also Like...

Show Comments

Extras

Top Quizzes Today


Score Distribution

Your Account Isn't Verified!

In order to create a playlist on Sporcle, you need to verify the email address you used during registration. Go to your Sporcle Settings to finish the process.